| 000 | 00000nas##2200000za#4500 |
| 001 | 9.503420 |
| 003 | CaOODSP |
| 005 | 20200331212113 |
| 007 | cr ||||||||||| |
| 008 | 150406c2001||||xxc|| p o||||f| |0fre|d |
| 040 | |aCaOODSP|bfre |
| 043 | |an-cn--- |
| 086 | 1 |aH2-1F-PDF |
| 110 | 1 |aCanada.|bSanté Canada. |bProgramme de la lutte au tabagisme. |
| 245 | 13|aLa stratégie nationale, aller vers l'avant : |h[ressource électronique]|brapport d'étape ... sur la lutte contre le tabagisme / |cRédigé par le Groupe de travail sur la lutte contre le tabagisme du Comité consultatif sur la santé de la population. |
| 260 | |aOttawa - Ontario : |bSanté Canada. |
| 310 | |aAnnuel |
| 362 | 1 |a2001--[2006] |
| 500 | |aVariante dans le sous-titre. La livr. de 2001 comporte le sous-titre : Rapport d'étape fédéral, provincial, territorial ... sur la lutte contre le tabagisme. -- Ne paraît plus aprês la livr. de 2006? |
| 691 | 07|aPolitique en matière de santé|2gcpds |
| 691 | 07|aPrévention du tabagisme|2gcpds |
| 775 | 08|tThe national strategy, moving forward : |w(CaOODSP)9.507027 |